| 000 | 00461nam a2200193Ia 4500 | ||
|---|---|---|---|
| 005 | 20240823040438.0 | ||
| 008 | 240823s9999||||xx |||||||||||||| ||und|| | ||
| 020 | _a978-81-260-4196-1 | ||
| 041 | _aTAMIL | ||
| 082 | _A891.443 Q1 | ||
| 100 | _aViboothypusan Panthopatyaya | ||
| 245 | 0 | _aNenjankavarum Vangali Kathaikal | |
| 250 | _a1st | ||
| 260 |
_c2011 _bSahitya Ac |
||
| 500 | _aYES | ||
| 650 |
_aKathaigal _bGeneral |
||
| 942 | _cBK | ||
| 999 |
_c203124 _d203124 |
||